Rules of the Land Agents' Society (Record no. 105736)

MARC details
000 -LEADER
fixed length control field 00523cam a22001695a 4500
001 - CONTROL NUMBER
control field ##L134596
008 - FIXED-LENGTH DATA ELEMENTS--GENERAL INFORMATION
fixed length control field 060818s1920 xxk 000 0 eng u
035 ## - SYSTEM CONTROL NUMBER
System control number (Sirsi) u134596
041 0# - LANGUAGE CODE
Language code of text/sound track or separate title eng
110 2# - MAIN ENTRY--CORPORATE NAME
Corporate name or jurisdiction name as entry element Land Agents' Society
245 00 - TITLE STATEMENT
Title Rules of the Land Agents' Society
Remainder of title also standing orders, resolutions and opinions of the council and its committees
260 ## - PUBLICATION, DISTRIBUTION, ETC.
Place of publication, distribution, etc. London
Name of publisher, distributor, etc. Land Agents' Society
Date of publication, distribution, etc. 1920
300 ## - PHYSICAL DESCRIPTION
Extent 16p.
Dimensions 22cm.
651 #4 - SUBJECT ADDED ENTRY--GEOGRAPHIC NAME
Geographic name United Kingdom
Chronological subdivision
690 ## - LOCAL SUBJECT ADDED ENTRY--TOPICAL TERM (OCLC, RLIN)
Topical term or geographic name as entry element Business and management
942 ## - ADDED ENTRY ELEMENTS (KOHA)
Suppress in OPAC 0
Holdings
Withdrawn status Lost status Source of classification or shelving scheme Damaged status Not for loan Home library Current library Shelving location Date acquired Total Checkouts Full call number Barcode Date last seen Copy number Price effective from Koha item type
    Dewey Decimal Classification     Historic collection Historic collection RICS Boxes 18/08/2006   RICS 1920 134596-2001 06/08/2019 1 06/08/2019 Archive